| 000 | 00814nam a2200241Ia 4500 | ||
|---|---|---|---|
| 008 | 130821s1998 sp gr spa | ||
| 020 | _a8483220105 | ||
| 040 |
_aCo-BoUCM _bspa |
||
| 041 | 0 | 0 | _aspa |
| 100 |
_aDubois, Bernard _9157907 |
||
| 245 | 0 | 0 |
_aComportamiento del consumidor Comprendiendo al comsumidor _cBernard Dubois, Alex Rovira Celma |
| 250 | _a2a. ed | ||
| 260 |
_aMadrid (España) _bPrentice Hall _c1998 |
||
| 300 | _a281 páginas | ||
| 504 | _aIncluye índices | ||
| 650 | 0 | 4 |
_aAdministración de empresas _9435 |
| 650 | 0 | 4 |
_aComportamiento del consumidor _911290 |
| 650 | 0 | 4 |
_aConsumidores _911728 |
| 650 | 0 | 4 |
_aSelección de personal _924162 |
| 700 |
_aRovira Celma, Alex _9157908 |
||
| 942 |
_cLIBRO _a16 _e2 _mD815C _2DEWEY _h658.8342 |
||
| 999 |
_c29750 _d29750 |
||